[Event "As Autumn"]
[Site "As"]
[Date "2015.12.03"]
[Round "9"]
[White "Alnes, Tord"]
[Black "Sandvik, Sander"]
[Result "0-1"]
[WhiteElo "1059"]
[BlackElo "917"]
[PlyCount "84"]
[EventDate "2015.09.03"]
[EventType "swiss"]
[EventRounds "9"]
[EventCountry "NOR"]
[SourceTitle "EXT 2024"]
[Source "ChessBase"]
[SourceDate "2023.10.10"]
[SourceVersion "1"]
[SourceVersionDate "2023.10.10"]
[SourceQuality "1"]

1. d4 Nf6 2. c4 e6 3. Nf3 c5 4. Nc3 cxd4 5. Nxd4 Nc6 6. Bg5 Be7 7. e4 Nxe4 8. Nxc6 bxc6 9. Nxe4 Bxg5 10. Nd6+ Kf8 11. Qa4 Qf6 12. Qc2 Qe5+ 13. Ne4 f5 14. h4 Be7 15. f3 fxe4 16. 0-0-0 Rb8 17. fxe4 Bf6 18. Rd2 Qf4 19. b3 a5 20. a4 Bxh4 21. Bd3 Bf6 22. Rf1 Qe5 23. Kd1 Ke7 24. c5 Bb7 25. Bc4 Rhd8 26. Qd3 Qc3 27. Qd6+ Ke8 28. e5 Qxe5 29. Qxe5 Bxe5 30. Rdf2 Bf6 31. Bd3 Ke7 32. g4 h6 33. Ke2 d5 34. Ke3 d4+ 35. Ke4 Rf8 36. Rb1 Bg5 37. Rfb2 Rf4+ 38. Ke5 Rbf8 39. Rg2 Rf2 40. Rgg1 R8f3 41. Bc4 Bf6+ 42. Ke4 Re3# 0-1

[Event "As Autumn"]
[Site "As"]
[Date "2015.10.15"]
[Round "6"]
[White "Olsen, Trygve"]
[Black "Alnes, Tord"]
[Result "0-1"]
[WhiteElo "1296"]
[BlackElo "1059"]
[PlyCount "68"]
[EventDate "2015.09.03"]
[EventType "swiss"]
[EventRounds "9"]
[EventCountry "NOR"]
[SourceTitle "EXT 2024"]
[Source "ChessBase"]
[SourceDate "2023.10.10"]
[SourceVersion "1"]
[SourceVersionDate "2023.10.10"]
[SourceQuality "1"]

1. f4 d6 2. Nf3 Nf6 3. d4 g6 4. e3 Bg7 5. Bd3 Nbd7 6. 0-0 0-0 7. c3 b6 8. f5 Re8 9. Qb3 Bb7 10. fxg6 hxg6 11. Nbd2 d5 12. Nh4 e5 13. e4 Nxe4 14. Nxg6 Nxd2 15. Bxd2 e4 16. Be2 fxg6 17. Be3 Nf6 18. Rf4 Bh6 19. Raf1 Qd6 20. Rxf6 Bxe3+ 21. Kh1 Qe7 22. Rxg6+ Kh7 23. Rg3 Bh6 24. Qc2 Bc8 25. Bf3 Kh8 26. Bh5 Be6 27. Bxe8 Rxe8 28. Qe2 Rg8 29. Rxg8+ Bxg8 30. Qh5 Qg5 31. Qe8 Bg7 32. Qc8 e3 33. Qh3+ Bh6 34. Rf5 e2 0-1